000 00286nam a22001337a 4500
008 260424b ||||| |||| 00| 0 eng d
020 _a9759951410229
041 _aeng
080 _a321.01
100 _a34
101 _aPolitik
245 _aRugova
_cVehbi Miftari
942 _2udc
_cBK
999 _c60993
_d60993